| 000 | 01378nam a22003254a 4500 | ||
|---|---|---|---|
| 001 | ebr10192263 | ||
| 003 | CaPaEBR | ||
| 006 | m u | ||
| 007 | cr cn||||||||| | ||
| 008 | 061106s2007 vaua s 001 0 eng | ||
| 010 | _z 2006037136 | ||
| 020 | _z9780873552394 | ||
| 040 |
_aCaPaEBR _cCaPaEBR |
||
| 035 | _a(OCoLC)647659107 | ||
| 050 | 1 | 4 |
_aQD37 _b.R53 2007eb |
| 082 | 0 | 4 |
_a540.71 _222 |
| 100 | 1 | _aRobertson, William C. | |
| 245 | 1 | 0 |
_aChemistry basics _h[electronic resource] / _cby William C. Robertson, in consultation with Michael S. Kralik ; illustrations by Brian Diskin. |
| 260 |
_aArlington, Va. : _bNational Science Teachers Association, _cc2007. |
||
| 300 |
_axiv, 112 p. : _bill. |
||
| 490 | 1 | _aStop faking it | |
| 500 | _aIncludes index. | ||
| 505 | 0 | _aSimple models -- Better models -- Periodicity -- Let's get together. yeah, yeah, yeah -- Balancing act -- Organic, dude. | |
| 533 |
_aElectronic reproduction. _bPalo Alto, Calif. : _cebrary, _d2013. _nAvailable via World Wide Web. _nAccess may be limited to ebrary affiliated libraries. |
||
| 650 | 0 |
_aChemistry _vPopular works. |
|
| 655 | 7 |
_aElectronic books. _2local |
|
| 710 | 2 | _aebrary, Inc. | |
| 800 | 1 |
_aRobertson, William C. _tStop faking it! |
|
| 856 | 4 | 0 |
_uhttp://site.ebrary.com/lib/rucke/Doc?id=10192263 _zAn electronic book accessible through the World Wide Web; click to view |
| 999 |
_c219551 _d219551 |
||